Welcome to CU Library Online Public Access Catalogue (OPAC)

Meditations on the Apocalypse : (Record no. 7098)

MARC details
000 -LEADER
fixed length control field 00623pam a2200193 a 4500
001 - CONTROL NUMBER
control field 613659
005 - DATE AND TIME OF LATEST TRANSACTION
control field 20250722134933.0
008 - FIXED-LENGTH DATA ELEMENTS--GENERAL INFORMATION
fixed length control field 920410s1992 maua b 000 0 eng
020 ## - INTERNATIONAL STANDARD BOOK NUMBER
International Standard Book Number 1852303638 (pbk.) :
Terms of availability $15.95
020 ## - INTERNATIONAL STANDARD BOOK NUMBER
International Standard Book Number 9781852303631
050 00 - LIBRARY OF CONGRESS CALL NUMBER
Classification number BS2825.2
Item number .B38 1992
082 00 - DEWEY DECIMAL CLASSIFICATION NUMBER
Classification number 228/.06
Edition information 20
100 1# - MAIN ENTRY--PERSONAL NAME
Personal name Barnwell, F. Aster,
Dates associated with a name 1947-
245 10 - TITLE STATEMENT
Title Meditations on the Apocalypse :
Remainder of title a psychospiritual perspective on the book of Revelation /
Statement of responsibility, etc. F. Aster Barnwell.
260 ## - PUBLICATION, DISTRIBUTION, ETC.
Place of publication, distribution, etc. Rockport, Mass. :
Name of publisher, distributor, etc. Element,
Date of publication, distribution, etc. 1992.
300 ## - PHYSICAL DESCRIPTION
Extent xiv, 223 p. :
Other physical details ill. ;
Dimensions 23 cm.
650 #0 - SUBJECT ADDED ENTRY--TOPICAL TERM
Topical term or geographic name entry element Bible and astrology.
942 ## - ADDED ENTRY ELEMENTS (KOHA)
Source of classification or shelving scheme Library of Congress Classification
Koha item type Books
Suppress in OPAC No
999 ## -
-- 7098
-- 7098
Holdings
Withdrawn status Lost status Source of classification or shelving scheme Damaged status Not for loan Collection Home library Current library Shelving location Date acquired Total checkouts Full call number Barcode Date last seen Copy number Price effective from Koha item type
    Library of Congress Classification     Non-fiction Undergraduate Library (Christ Temple) Undergraduate Library (Christ Temple) General stacks 07/22/2025   BS2825.2 BAR ulct00004020 07/22/2025 1 07/22/2025 Books
© 2023-2024 Copyright: Central University Libraries. All Rights Reserved | Created by: Mahone Tech Office